The law and practice of rating and assessment (Record no. 98154)

MARC details
000 -LEADER
fixed length control field 00555cam a2200193 4500
001 - CONTROL NUMBER
control field D14402
008 - FIXED-LENGTH DATA ELEMENTS--GENERAL INFORMATION
fixed length control field 970304 1910 1
035 ## - SYSTEM CONTROL NUMBER
System control number (Sirsi) u94732
041 0# - LANGUAGE CODE
Language code of text/sound track or separate title eng
050 04 - LIBRARY OF CONGRESS CALL NUMBER
Classification number 333.332 $2 18
100 1# - MAIN ENTRY--PERSONAL NAME
Personal name Webb, Clarence A.
245 04 - TITLE STATEMENT
Title The law and practice of rating and assessment
260 ## - PUBLICATION, DISTRIBUTION, ETC.
Place of publication, distribution, etc. London
Name of publisher, distributor, etc. Crosby Lockwood and Son
Date of publication, distribution, etc. 1910
300 ## - PHYSICAL DESCRIPTION
Extent xxi, 226p.
Dimensions 22cm.
651 #4 - SUBJECT ADDED ENTRY--GEOGRAPHIC NAME
Geographic name England and Wales
Chronological subdivision 1543-
690 ## - LOCAL SUBJECT ADDED ENTRY--TOPICAL TERM (OCLC, RLIN)
Topical term or geographic name as entry element PROPERTY-PROPERTY APPRAISAL AND VALUATION-TAXATION VALUATION
942 ## - ADDED ENTRY ELEMENTS (KOHA)
Suppress in OPAC 0
948 ## - LOCAL PROCESSING INFORMATION (OCLC); SERIES PART DESIGNATOR (RLIN)
c (OCLC) 04/03/1997
Holdings
Withdrawn status Lost status Source of classification or shelving scheme Damaged status Not for loan Home library Current library Shelving location Date acquired Total Checkouts Full call number Barcode Date last seen Copy number Price effective from Koha item type
    Other/Generic Classification Scheme     London London Basement 27/07/2001   SHELF 137 30072725 06/08/2019 1 06/08/2019 Book